00370 a2200109 4500001001000000005001700010008004100027245010400068100002400172773004700196999001700243ART_6053420260410162053.0260409a 10aEl cierre 2023, para las empresas y los empleados, del impuesto a las ganancias y bienes personales1 aCeteri, José Luis0 tImpuestosg- N° 168 (mar. 2024)wREV45175 c35962d35962